书目信息 |
| 题名: |
白领就业指南
|
|
| 作者: | 周峰 , 王晓丽 编著 | |
| 分册: | ||
| 出版信息: | 北京 电子工业出版社 2005.9 |
|
| 页数: | 223页 | |
| 开本: | 26cm | |
| 丛书名: | ||
| 单 册: | ||
| 中图分类: | J524.3 | |
| 科图分类: | ||
| 主题词: | 广告--guang gao--平面设计 , 平面设计--ping mian she ji | |
| 电子资源: | ||
| ISBN: | 7-121-01593-5 | |
| 000 | 01163nam0 2200325 450 | |
| 000 | 01182nam0 2200325 450 | |
| 000 | 01145nam0 2200313 450 | |
| 000 | 01102nam0 2200301 450 | |
| 000 | 01091nam0 2200301 450 | |
| 000 | 01054nam0 2200289 45 | |
| 001 | 012005000000 | |
| 005 | 20051214091514.67 | |
| 010 | @a7-121-01593-5@dCNY25.00(含光盘) | |
| 010 | @a7-89496-685-1@b光盘 | |
| 100 | @a20050824d2005 em y0chiy0121 ea | |
| 101 | 0 | @achi |
| 102 | @aCN@b110000 | |
| 105 | @ay z 000yy | |
| 200 | 1 | @a白领就业指南@Abai ling jiu ye zhi nan@e平面商业广告设计师之路@f周峰,王晓丽编著 |
| 210 | @a北京@c电子工业出版社@d2005.9 | |
| 215 | @a223页@d26cm@e光盘1片 | |
| 330 | @a本书介绍了商业广告设计基础、商业广告项目实施设计流程以及平面设计构图要素,然后利用当前最流行的Photoshop CS、CoreDARW12等软件设计制作广告。 | |
| 517 | 1 | @a平面商业广告设计师之路@Aping mian shang ye guang gao she ji shi zhi lu |
| 606 | 0 | @a广告@Aguang gao@x平面设计 |
| 606 | 0 | @a平面设计@Aping mian she ji |
| 690 | @aJ524.3@v4 | |
| 701 | 0 | @a周峰@Azhou feng@4编著 |
| 701 | 0 | @a王晓丽@Awang xiao li@4编著 |
| 801 | 0 | @aCN@bSRXX@c20051214 |
| 905 | @a10447@dJ524.3@eZ762 | |
| 白领就业指南:平面商业广告设计师之路/周峰,王晓丽编著.-北京:电子工业出版社,2005.9 |
| 223页;26cm+光盘1片 |
| ISBN 7-121-01593-5:CNY25.00(含光盘) |
| 本书介绍了商业广告设计基础、商业广告项目实施设计流程以及平面设计构图要素,然后利用当前最流行的Photoshop CS、CoreDARW12等软件设计制作广告。 |
| ● |
| 相关链接 |
|
|
|
正题名:白领就业指南
索取号:J524.3/Z762
 
预约/预借
| 序号 | 登录号 | 条形码 | 馆藏地/架位号 | 状态 | 备注 |
| 1 | 547517 | 205475172 | 自科二线404/404自科库 4排4列1层/ [索取号:J524.3/Z762] | 在馆 | |
| 2 | 547518 | 205475181 | 社科库309/309社科库 87排3列6层/ [索取号:J524.3/Z762] | 在馆 | |
| 3 | 547519 | 205475190 | 社科库309/309社科库 87排3列6层/ [索取号:J524.3/Z762] | 在馆 |